| 000 | 00554nam a2200181 i 4500 | ||
|---|---|---|---|
| 001 | bg | ||
| 100 | 1 | _aNORDSTROM, Karl F. | |
| 245 | 0 |
_aEstuarine beaches : _ban introduction to the physical and human factors affecting use and management of beaches in estuaries, lagoons, bays and fjords / _cKarl F. Nordstrom. |
|
| 260 |
_aLondon : _bElsevier, _c1992. |
||
| 650 | 9 | _aEkologia | |
| 020 | _a1851667288 | ||
| 040 | _cBPK | ||
| 041 | _apol | ||
| 080 | _a504+574 | ||
| 920 | _a1-85166-728-8 | ||
| 942 | _cKS | ||
| 008 | s pl f |000 0 pol | ||
| 999 |
_c30108 _d30108 |
||
| 856 |
_uhttp://koha.tu.koszalin.pl/cgi-bin/koha/opac-detail.pl?biblionumber=30108 _yKatalog online BPK |
||